| 000 | 00746nam a22002297a 4500 | ||
|---|---|---|---|
| 999 |
_c5960 _d5960 |
||
| 003 | AR-CdUCM | ||
| 008 | 190313b ||||| |||| 00| 0 spa d | ||
| 040 |
_aMUNICIPALIDAD PROVINCIAL DEL CUSCO _cBIBLIOTECA MUNICIPAL DEL CUSCO |
||
| 082 |
_a818.241 / _bSE49 |
||
| 100 |
_aSeton, Anya. _917487 |
||
| 245 | _aWashington Irving / | ||
| 260 |
_aBuenos Aires : _bPlaza & Janes, _c1964. |
||
| 300 |
_a143 páginas ; _c17 cm. |
||
| 500 | _aTitulo original : Washington Irving. Donación de la familia Nieto | ||
| 505 | _aBiografía | ||
| 650 |
_aWashington Irving _917488 |
||
| 650 |
_aBiografia _9437 |
||
| 650 |
_aAutores estadounidenses _91420 |
||
| 700 |
_aBarberán, Nélida Dora. (Traductor) _917489 |
||
| 942 |
_2ddc _cLIBROS |
||
| 945 | _awnts | ||